000 00474nam a2200193Ia 4500
008 100315s9999 xx 000 0 und d
082 _b2244 
_a658.15 
100 _a"Murthy, Guruprasad "
245 _aFINANCIAL MANAGEMENT
260 _c
300 _a"315P,XV  "
365 _eAus.Sch. 
_d
_b0.00 
366 _f
505 _gJaya Nikhade 
530 _b-  
630 _aFINANCIAL MANAGEMENT
730 _aFINANCIAL MANAGEMENT
942 _cBOOK
999 _c476979
_d476976